Kontury państw Azjatyckich według stolic (Bardzo Trudne +) - Statystyki

Ogólne statystyki
  • Ten quiz został rozwiązany 26 razy
    4 od ostatniego zresetowania
  • Średni wynik to 43 z 72
Statystyki odpowiedzi
Obrazkowy Odpowiedź % Poprawnych
Abu Zabi
100%
Amman
100%
Ankara
100%
Astana
100%
Bagdad
100%
Baku
100%
Bangkok
100%
Bejrut
100%
Damaszek
100%
Dhaka
100%
Dżakarta
100%
Hanoi
100%
HongKong
100%
Islamabad
100%
Jerozolima
100%
Kabul
100%
Kair
100%
Katmandu
100%
Kuala Lumpur
100%
Kuwejt
100%
Makau
100%
Male
100%
Manila
100%
Maskat
100%
Moskwa
100%
Naypyidaw
100%
Nikozja
100%
Nikozja
100%
Nowe Delhi
100%
Pekin
100%
Pjongjang
100%
Rijad
100%
Sana
100%
Seul
100%
Tajpej
100%
Tbilisi
100%
Teheran
100%
Thimphu
100%
Tokio
100%
Ułan Bator
100%
Wientian
100%
Dili
50%
Erywań
50%
Phnom Penh
50%
Singapur
50%
Abakan
0%
Aszchabad
0%
Bandar Seri Begawan
0%
Batumi
0%
Biszkek
0%
Cchinwali
0%
Chorog
0%
Diego Garcia
0%
Diyarbakır
0%
Doha
0%
Duszanbe
0%
Flying Fish Cove
0%
Gornoałtajsk
0%
Jakuck
0%
Kyzył
0%
Lhasa
0%
Manama
0%
Naha
0%
Nukus
0%
Ramallah
0%
Sapporo
0%
Sri Dźajawardanapura Kotte
0%
Suchumi
0%
Taszkent
0%
Ułan Ude
0%
Urumczi
0%
West Island
0%
Nie znaleziono quizów pasujących do podanych kryteriów
Rozkład punktacji
Procent ludzi z każdym wynikiem
Percentyl według liczby udzielonych odpowiedzi
Twoja historia wyników
Nie rozwiązałeś tego quizu od ostatniego zresetowania